Cơ sở truyền động điện tự động
Cuốn sách này nêu lên những lý thuyết cơ sở quan trọng của truyền động điện để tiếp tục đi sâu giải quyết vấn đề điện khí hóa, tự động hóa cho các máy, cho cả dây chuyền sản xuất hoặc toàn bộ nhà máy....
保存先:
| 第一著者: | |
|---|---|
| フォーマット: | 図書 |
| 言語: | Undetermined |
| 出版事項: |
Hà Nội
KHKT
1977
|
| 主題: | |
| タグ: |
タグ追加
タグなし, このレコードへの初めてのタグを付けませんか!
|
| Thư viện lưu trữ: | Trung tâm Học liệu Trường Đại học Cần Thơ |
|---|
| LEADER | 00987nam a2200193Ia 4500 | ||
|---|---|---|---|
| 001 | CTU_14109 | ||
| 008 | 210402s9999 xx 000 0 und d | ||
| 082 | |a 621.319 | ||
| 082 | |b C460/1977 | ||
| 100 | |a M G Tsilikin | ||
| 245 | 0 | |a Cơ sở truyền động điện tự động | |
| 245 | 0 | |c M G Tsilikin, M M Sokolov, V M Terekhov; Dịch giả: Bùi Đình Tiếu, Lê Tòng, Nguyễn Bính | |
| 260 | |a Hà Nội | ||
| 260 | |b KHKT | ||
| 260 | |c 1977 | ||
| 520 | |a Cuốn sách này nêu lên những lý thuyết cơ sở quan trọng của truyền động điện để tiếp tục đi sâu giải quyết vấn đề điện khí hóa, tự động hóa cho các máy, cho cả dây chuyền sản xuất hoặc toàn bộ nhà máy. | ||
| 650 | |a electric engineering,electric machinery | ||
| 904 | |i Nguyễn Quang Điền, 961230 | ||
| 980 | |a Trung tâm Học liệu Trường Đại học Cần Thơ | ||